00473cam a22001692 4500001001100000005001700011008004100028020001600069040001500085245002600100250001300126260004100139300001900180650004800199650005300247852000300300000001845920151217161144.0091111s xx 000 0 eng d a0555014000x aKABUcKABU10aChambers dictionary. a1st ed. aEdinburgh :bChambers Harrap,c1998. axxxi, 1981 p. 0aEnglish languagevDictionaries.@0000148334 0aEnglish languagexTerms and phrases.@00001776461